International Business Environment (Record no. 4800)

MARC details
000 -LEADER
fixed length control field 00335nam a22001457a 4500
005 - DATE AND TIME OF LATEST TRANSACTION
control field 20210920142350.0
008 - FIXED-LENGTH DATA ELEMENTS--GENERAL INFORMATION
fixed length control field 160630b xxu||||| |||| 00| 0 eng d
041 ## - LANGUAGE CODE
Language code of text/sound track or separate title eng
082 ## - DEWEY DECIMAL CLASSIFICATION NUMBER
Item number 10890
Classification number 338.88
245 ## - TITLE STATEMENT
Title International Business Environment
260 ## - PUBLICATION, DISTRIBUTION, ETC. (IMPRINT)
Name of publisher Kings
Year of publication 2007
300 ## - PHYSICAL DESCRIPTION
Number of Pages 396
650 ## - SUBJECT ADDED ENTRY--TOPICAL TERM
Topical Term Management
942 ## - ADDED ENTRY ELEMENTS (KOHA)
Koha item type Books
Holdings
Lost status Damaged status Collection code Home library Current library Shelving location Date acquired Cost, normal purchase price Full call number Accession Number Koha item type
    Reference JRU Library   SHELF-30-A 30/06/2016 100.00 338.88 10890 Books